SOCIAL SCIENCE INFORMATION (Record no. 32701)

MARC details
000 -LEADER
fixed length control field 00282nam a22001217a 4500
003 - CONTROL NUMBER IDENTIFIER
control field SGT
082 ## - DEWEY DECIMAL CLASSIFICATION NUMBER
Classification number 300.72
Item number BIN
100 ## - MAIN ENTRY--PERSONAL NAME
Personal name BINWAL J C
245 ## - TITLE STATEMENT
Title SOCIAL SCIENCE INFORMATION
Remainder of title PROBLEMS AND PROSPECTS
260 ## - PUBLICATION, DISTRIBUTION, ETC. (IMPRINT)
Place of publication, distribution, etc NEW DELHI
Name of publisher, distributor, etc HAR ANAND
Year of Publication 1990
300 ## - PAGE DESCRIPTION
No. of Pages 494
942 ## - ADDED ENTRY ELEMENTS (KOHA)
Source of classification or shelving scheme Dewey Decimal Classification
Koha item type Books
Holdings
Withdrawn status Lost status Source of classification or shelving scheme Damaged status Not for loan Collection code Home library Current library Shelving location Date acquired SGTU Total Checkouts Full call number Accession No. (Barcode) Date last seen Bill Date Koha item type
    Dewey Decimal Classification     LAW SGT Science & Social Sciences Library SGT Science & Social Sciences Library Text Book 15/09/2025 SGTU   300.72 BIN FL3873 15/09/2025 15/09/2025 Books